000 00517nab a2200181 4500
001 244442
003 OSt
005 20230623072455.0
007 tu
008 200917s2020|||||||
040 _aDE-2950
_cDE-2950
245 0 0 _aLiebkencht-Gymnasium begrüßt Gast-Schülerinnen aus Ägypten.
_cFoto: Torsten Kleefeld
264 _c2023
653 _aFrankfurt (Oder)
653 _aLiebknecht-Gymnasium
773 0 _g34. Jahrgang (2023) Nr. 136 vom 14.06.2023, S. 15: mit Foto
_tMärkische Oderzeitung
942 _2z
_cA
999 _c372562
_d372562